00312nam a2200133Ia 4500003000400000005001700004008004100021020000800062040001700070100001400087100000900101245004100110260002700151OSt20240326164708.0170524s9999 xx 000 0 und d anil ciimtu meerut aPAL- LAVI c1995 0aESSENTIALS OF BUSINESS COMMUNICATION aSULTAN CHAND SONS SONS